LEADER 01128nam0-2200373li-450 001 990000261120203316 005 20180312154702.0 010 $a4-274-03380-5 035 $a0026112 035 $aUSA010026112 035 $a(ALEPH)000026112USA01 035 $a0026112 100 $a2001994101992-------y0itay0103----ba 101 0 $aeng 102 $aJA 200 1 $aNoise in physical systems and 1/f fluctuations$fedited by T. Musha ... [et al.] 210 $aTokyo [etc.]$cOhmsha$dcopyr. 1992 215 $aXVI, 752 p.$cill.$d26 cm 610 1 $aelettrodinamica quantistica 610 1 $asemiconduttori 676 $a5376$9. 702 1$aMusha,$bT. 801 $aSistema bibliotecario di Ateneo dell' Università di Salerno$gRICA 912 $a990000261120203316 951 $a537.6 NOI$b0016138/CBS$c537.6$d00327333 959 $aBK 969 $aSCI 979 $c19941010 979 $c20001110$lUSA01$h1715 979 $c20020403$lUSA01$h1634 979 $aPATRY$b90$c20040406$lUSA01$h1619 979 $aRSIAV7$b90$c20090915$lUSA01$h1205 996 $aNoise in physical systems and 1$91489129 997 $aUNISA LEADER 03508oam 2200637I 450 001 9910458899303321 005 20200520144314.0 010 $a1-282-61723-0 010 $a9786612617232 010 $a1-136-54370-8 010 $a1-84977-477-3 024 7 $a10.4324/9781849774772 035 $a(CKB)2670000000018807 035 $a(EBL)517187 035 $a(OCoLC)607552551 035 $a(SSID)ssj0000360445 035 $a(PQKBManifestationID)11272771 035 $a(PQKBTitleCode)TC0000360445 035 $a(PQKBWorkID)10318904 035 $a(PQKB)11195567 035 $a(MiAaPQ)EBC517187 035 $a(Au-PeEL)EBL517187 035 $a(CaPaEBR)ebr10392055 035 $a(CaONFJC)MIL261723 035 $a(EXLCZ)992670000000018807 100 $a20180706d2010 uy 0 101 0 $aeng 135 $aur|n|---||||| 181 $ctxt 182 $cc 183 $acr 200 00$aGated communities $esocial sustainability in contemporary and historical gated developments /$fedited by Samer Bagaeen and Ola Uduku ; [foreword by Saskia Sassen] 210 1$aLondon ;$aWashington, D.C. :$cEarthscan,$d2010. 215 $a1 online resource (146 p.) 300 $aDescription based upon print version of record. 311 $a0-415-83041-9 311 $a1-84407-519-2 320 $aIncludes bibliographical references and index. 327 $aFront Cover; Gated Communities; Copyright Page; Contents; List of Figures and Tables; Acknowledgements; Foreword Urban Gating: One Instance of a Larger Development?; List of Contributors; List of Acronyms and Abbreviations; 1. Gated Histories: An Introduction to Themes and Concepts; 2. Opening the Gates: An East-West Transmodern Discourse?; 3. Gated Urban Life versus Kinship and Social Solidarity in the Middle East; 4. Gating Urban Spaces in China: Inclusion, Exclusion and Government; 5. Lagos: 'Urban Gating' as the Default Condition 327 $a6. Gated Minds, Gated Places: The Impact and Meaning of Hard Boundaries in South Africa7. Latin American Gated Communities: The Latest Symbol of Historic Social Segregation; 8. Gated Communities in Mexico City: A Historical Perspective; 9. Production and Social Sustainability of Private Enclaves in Suburban Landscapes: French and US Long-Term Emergence of Gated Communities and Private Streets; 10. Barriers and Boundaries: An Exploration of Gatedness in New Zealand; 11. Afterword; Index 330 $aGated Communities provides a historic, socio-political and contemporary cultural perspective of gated communities. In doing so it offers a different lens through which to view the historical vernacular background of this now global phenomenon. The book presents a collection of new writing on the issue by an international and interdisciplinary group of contributors. The authors review current thinking on gated communities and consider the sustainability issues that these contemporary 'lifestyle' communities raise. The authors argue that there are links that can be drawn between the his 606 $aGated communities 606 $aGated communities$xHistory 608 $aElectronic books. 615 0$aGated communities. 615 0$aGated communities$xHistory. 676 $a307.77 701 $aBagaeen$b Samer$0927491 701 $aUduku$b Ola$f1963-$0758902 801 0$bMiAaPQ 801 1$bMiAaPQ 801 2$bMiAaPQ 906 $aBOOK 912 $a9910458899303321 996 $aGated communities$92083918 997 $aUNINA LEADER 02618nas 2200709-a 450 001 996213523103316 005 20240413021106.0 035 $a(CKB)954927730640 035 $a(CONSER)---94648722- 035 $a(EXLCZ)99954927730640 100 $a19941118a199u9999 --- a 101 0 $aeng 181 $ctxt$2rdacontent 182 $cc$2rdamedia 183 $acr$2rdacarrier 200 00$aHealth data management 210 $aNew York, NY $cFaulkner & Gray 215 $a1 online resource 311 $aPrint version: Health data management. (DLC) 94648722 (OCoLC)31484797 1079-9869 531 $aHEALTH DATA MANAG 531 0 $aHealth data manag. 606 $aMedical claims processing industry$zUnited States$vPeriodicals 606 $aHealth insurance claims$zUnited States$xData processing$vPeriodicals 606 $aMedical records$zUnited States$xData processing$vPeriodicals 606 $aElectronic data interchange$zUnited States$vPeriodicals 606 $aComputer networks$zUnited States$vPeriodicals 606 $aElectronic Data Processing 606 $aComputer Communication Networks 606 $aInsurance Claim Reporting 606 $aInsurance, Health 606 $aMedical Records 606 $aComputer networks$2fast$3(OCoLC)fst00872297 606 $aElectronic data interchange$2fast$3(OCoLC)fst00906944 606 $aHealth insurance claims$xData processing$2fast$3(OCoLC)fst00953088 606 $aMedical claims processing industry$2fast$3(OCoLC)fst01013946 606 $aMedical records$xData processing$2fast$3(OCoLC)fst01014552 607 $aUnited States 607 $aUnited States$2fast 608 $aPeriodical. 608 $aPeriodicals.$2fast 608 $aPeriodicals.$2lcgft 615 0$aMedical claims processing industry 615 0$aHealth insurance claims$xData processing 615 0$aMedical records$xData processing 615 0$aElectronic data interchange 615 0$aComputer networks 615 2$aElectronic Data Processing. 615 2$aComputer Communication Networks. 615 2$aInsurance Claim Reporting. 615 2$aInsurance, Health. 615 2$aMedical Records. 615 7$aComputer networks. 615 7$aElectronic data interchange. 615 7$aHealth insurance claims$xData processing. 615 7$aMedical claims processing industry. 615 7$aMedical records$xData processing. 676 $a368.3/82/00681 906 $aNEWSPAPER 912 $a996213523103316 920 $aexl_impl conversion 996 $aHealth data management$91985487 997 $aUNISA